000 00475nam a2200193Ia 4500
003 GCL
008 140319s9999 xx 000 0 eng d
040 _aGCL /
_cGCL
082 0 4 _a720.92AT
100 1 _aACADEMY EDITIONS
245 1 0 _aTODAO ANDO /
_cACADEMY EDITIONS
260 _a[S.N] :
_bACADEMY EDITIONS ،
_c1996
300 _a128
650 0 4 _aARCHITECTURE
650 0 4 _aARCHITECTS
650 0 4 _aJAPAN - ARCHITECTURE
650 0 4 _aANDO,TADAO
942 _2ddc
_cBK
999 _c11641
_d11641